[Event "31st Klatovy A 2025"]
[Site "Klatovy CZE"]
[Date "2025.06.30"]
[Round "3.2"]
[White "Horak, Martin"]
[Black "Mametev, Artem"]
[Result "1-0"]
[WhiteElo "2324"]
[BlackElo "2179"]
[PlyCount "111"]
[EventDate "2025.06.28"]
[EventType "swiss"]
[EventRounds "9"]
[EventCountry "CZE"]

1. c4 {[%emt 0:00:16]} Nf6 {[%emt 0:02:02]} 2. g3 {[%emt 0:00:50]} g6 {[%emt 0:00:33]} 3. Bg2 {[%emt 0:00:04]} Bg7 {[%emt 0:00:05]} 4. Nc3 {[%emt 0:00:10]} O-O {[%emt 0:00:28]} 5. d3 {[%emt 0:00:50]} d6 {[%emt 0:01:10]} 6. e4 {[%emt 0:00:19]} c5 {[%emt 0:00:28]} 7. Nge2 {[%emt 0:00:05]} Nc6 {[%emt 0:00:06]} 8. O-O {[%emt 0:00:04]} a6 {[%emt 0:01:28]} 9. h3 {[%emt 0:00:29]} Rb8 {[%emt 0:00:24]} 10. a4 {[%emt 0:00:06]} Ne8 {[%emt 0:02:11]} 11. Be3 {[%emt 0:00:07]} Nc7 {[%emt 0:00:16]} 12. d4 {[%emt 0:00:44]} cxd4 {[%emt 0:00:18]} 13. Nxd4 {[%emt 0:00:04]} Ne6 {[%emt 0:08:18]} 14. Nde2 {[%emt 0:00:59]} Nc5 {[%emt 0:16:03]} 15. b3 {[%emt 0:09:58]} Qa5 {[%emt 0:10:02]} 16. Bd2 {[%emt 0:03:59]} Qb6 {[%emt 0:01:45]} 17. Rb1 {[%emt 0:00:43]} Nb4 {[%emt 0:00:39]} 18. Be3 {[%emt 0:10:40]} Qc7 {[%emt 0:10:45]} 19. Qd2 {[%emt 0:01:57]} Bd7 {[%emt 0:01:52]} 20. Nf4 {[%emt 0:09:38]} Rfc8 {[%emt 0:13:17]} 21. Ncd5 {[%emt 0:06:12]} Nxd5 {[%emt 0:00:11]} 22. Nxd5 {[%emt 0:00:04]} Qd8 {[%emt 0:00:20]} 23. a5 {[%emt 0:00:17]} Be6 {[%emt 0:08:32]} 24. Nb6 {[%emt 0:02:36]} Rc7 {[%emt 0:00:22]} 25. b4 {[%emt 0:18:41]} Nd7 {[%emt 0:03:34]} 26. Rbc1 {[%emt 0:03:03]} Qe8 {[%emt 0:02:10]} 27. Nd5 {[%emt 0:12:42]} Rcc8 {[%emt 0:02:15]} 28. f4 {[%emt 0:01:12]} Qd8 {[%emt 0:15:57]} 29. Ba7 {[%emt 0:04:35]} Bxd5 {[%emt 0:01:18]} 30. cxd5 {[%emt 0:02:49]} Rxc1 {[%emt 0:00:30]} 31. Rxc1 {[%emt 0:00:15]} Rc8 {[%emt 0:00:54]} 32. Rc2 {[%emt 0:03:07]} h5 {[%emt 0:05:38]} 33. h4 {[%emt 0:03:13]} Rxc2 {[%emt 0:03:32]} 34. Qxc2 {[%emt 0:00:06]} b6 {[%emt 0:00:15]} 35. Bh3 {[%emt 0:07:01]} bxa5 {[%emt 0:04:57]} 36. bxa5 {[%emt 0:00:09]} Nc5 {[%emt 0:00:41]} 37. Bb6 {[%emt 0:02:53]} Qe8 {[%emt 0:00:27]} 38. Bf1 {[%emt 0:01:58]} Qc8 {[%emt 0:00:53]} 39. e5 {[%emt 0:02:45]} Qg4 {[%emt 0:00:57]} 40. Kg2 {[%emt 0:00:51]} Qd7 {[%emt 0:01:58]} 41. Bc4 {[%emt 0:03:15]} Qc8 {[%emt 0:01:48]} 42. Qe2 {[%emt 0:01:47]} dxe5 {[%emt 0:00:49]} 43. fxe5 {[%emt 0:00:34]} Nd7 {[%emt 0:00:36]} 44. e6 {[%emt 0:09:36]} fxe6 {[%emt 0:02:17]} 45. Bxa6 {[%emt 0:01:41]} Qa8 {[%emt 0:00:40]} 46. Qxe6+ {[%emt 0:00:07]} Kh8 {[%emt 0:00:08]} 47. Qxd7 {[%emt 0:01:35]} Qxa6 {[%emt 0:00:12]} 48. Qe8+ {[%emt 0:02:24]} Kh7 {[%emt 0:00:02]} 49. Qxe7 {[%emt 0:00:06]} Qd3 {[%emt 0:01:35]} 50. Qe6 {[%emt 0:01:50]} Qd2+ {[%emt 0:01:00]} 51. Kh3 {[%emt 0:00:28]} Qd1 {[%emt 0:00:41]} 52. Qe4 {[%emt 0:00:07]} Qf1+ {[%emt 0:00:57]} 53. Kh2 {[%emt 0:00:06]} Qd1 {[%emt 0:00:55]} 54. a6 {[%emt 0:00:49]} Qd2+ {[%emt 0:01:50]} 55. Qg2 {[%emt 0:00:07]} Qb4 {[%emt 0:00:17]} 56. a7 {[%emt 0:00:24]} 1-0

[Event "31st Klatovy A 2025"]
[Site "Klatovy CZE"]
[Date "2025.06.30"]
[Round "3.3"]
[White "Vltavsky, Vladimir"]
[Black "Vitak, Jiri"]
[Result "1/2-1/2"]
[WhiteElo "2122"]
[BlackElo "2308"]
[PlyCount "140"]
[EventDate "2025.06.28"]
[EventType "swiss"]
[EventRounds "9"]
[EventCountry "CZE"]

1. b3 {[%emt 0:08:34]} e5 {[%emt 0:00:17]} 2. Bb2 {[%emt 0:00:24]} Nc6 {[%emt 0:00:04]} 3. c4 {[%emt 0:00:24]} g6 {[%emt 0:00:28]} 4. Nf3 {[%emt 0:01:49]} Bg7 {[%emt 0:00:10]} 5. e3 {[%emt 0:02:50]} Nge7 {[%emt 0:05:18]} 6. d4 {[%emt 0:10:57]} exd4 {[%emt 0:05:28]} 7. Nxd4 {[%emt 0:00:19]} O-O {[%emt 0:00:17]} 8. Nxc6 {[%emt 0:00:47]} Nxc6 {[%emt 0:00:21]} 9. Bxg7 {[%emt 0:00:11]} Kxg7 {[%emt 0:00:07]} 10. Nc3 {[%emt 0:00:58]} d6 {[%emt 0:07:45]} 11. Be2 {[%emt 0:03:44]} Be6 {[%emt 0:01:56]} 12. O-O {[%emt 0:00:57]} f5 {[%emt 0:04:23]} 13. Bf3 {[%emt 0:05:08]} Qf6 {[%emt 0:04:47]} 14. Nd5 {[%emt 0:02:36]} Bxd5 {[%emt 0:01:46]} 15. Bxd5 {[%emt 0:00:38]} f4 {[%emt 0:10:01]} 16. exf4 {[%emt 0:05:10]} Qxf4 {[%emt 0:00:43]} 17. Qf3 {[%emt 0:00:22]} Qd4 {[%emt 0:24:37]} 18. Qe4 {[%emt 0:10:15]} Qxe4 {[%emt 0:03:39]} 19. Bxe4 {[%emt 0:01:15]} Rae8 {[%emt 0:00:04]} 20. Rfe1 {[%emt 0:03:29]} Nd8 {[%emt 0:03:10]} 21. g3 {[%emt 0:07:18]} Re7 {[%emt 0:02:12]} 22. Bd5 {[%emt 0:01:15]} Rfe8 {[%emt 0:00:12]} 23. Rxe7+ {[%emt 0:00:30]} Rxe7 {[%emt 0:00:05]} 24. Kf1 {[%emt 0:00:13]} Kf6 {[%emt 0:08:08]} 25. h4 {[%emt 0:01:37]} a5 {[%emt 0:07:34]} 26. Rd1 {[%emt 0:01:08]} c6 {[%emt 0:04:09]} 27. Bg2 {[%emt 0:06:40]} Nf7 {[%emt 0:00:05]} 28. Rd3 {[%emt 0:00:34]} h6 {[%emt 0:05:31]} 29. Rf3+ {[%emt 0:02:32]} Kg7 {[%emt 0:00:06]} 30. Rd3 {[%emt 0:00:04]} Kf6 {[%emt 0:11:18]} 31. Rf3+ {[%emt 0:02:34]} Kg7 {[%emt 0:00:15]} 32. Rd3 {[%emt 0:00:05]} Re6 {[%emt 0:07:09]} 33. Bh3 {[%emt 0:03:50]} Rf6 {[%emt 0:01:09]} 34. Ke2 {[%emt 0:00:52]} g5 {[%emt 0:01:13]} 35. hxg5 {[%emt 0:00:38]} hxg5 {[%emt 0:00:05]} 36. Bc8 {[%emt 0:03:34]} Ne5 {[%emt 0:01:48]} 37. Rd1 {[%emt 0:01:13]} b6 {[%emt 0:00:07]} 38. f4 {[%emt 0:02:08]} gxf4 {[%emt 0:02:11]} 39. gxf4 {[%emt 0:01:05]} Rxf4 {[%emt 0:01:12]} 40. Rxd6 {[%emt 0:03:12]} Rf6 {[%emt 0:00:27]} 41. Rxf6 {[%emt 0:02:12]} Kxf6 {[%emt 0:00:02]} 42. Kd2 {[%emt 0:01:08]} Ke7 {[%emt 0:01:32]} 43. Kc3 {[%emt 0:00:16]} Kd6 {[%emt 0:00:10]} 44. a3 {[%emt 0:00:55]} c5 {[%emt 0:01:01]} 45. Bb7 {[%emt 0:00:39]} Ng6 {[%emt 0:00:54]} 46. Be4 {[%emt 0:03:58]} Nf4 {[%emt 0:00:08]} 47. Bf3 {[%emt 0:01:14]} Ke5 {[%emt 0:00:08]} 48. Bg4 {[%emt 0:03:34]} Ke4 {[%emt 0:00:09]} 49. Bd1 {[%emt 0:00:22]} Ke3 {[%emt 0:00:13]} 50. Bg4 {[%emt 0:00:53]} Nd3 {[%emt 0:00:38]} 51. Bf5 {[%emt 0:00:23]} Nf2 {[%emt 0:00:21]} 52. b4 {[%emt 0:03:15]} Ne4+ {[%emt 0:04:58]} 53. Kb3 {[%emt 0:01:07]} axb4 {[%emt 0:00:15]} 54. axb4 {[%emt 0:00:08]} Nd6 {[%emt 0:00:19]} 55. Be6 {[%emt 0:00:29]} Kd4 {[%emt 0:00:10]} 56. bxc5 {[%emt 0:04:08]} bxc5 {[%emt 0:00:05]} 57. Bg8 {[%emt 0:01:12]} Ne4 {[%emt 0:00:31]} 58. Kc2 {[%emt 0:01:45]} Nf6 {[%emt 0:05:18]} 59. Be6 {[%emt 0:00:44]} Nh5 {[%emt 0:00:16]} 60. Bf7 {[%emt 0:01:05]} Ng3 {[%emt 0:00:14]} 61. Bg8 {[%emt 0:00:43]} Ne4 {[%emt 0:00:55]} 62. Be6 {[%emt 0:01:03]} Nd6 {[%emt 0:01:21]} 63. Kd2 {[%emt 0:03:56]} Nxc4+ {[%emt 0:00:11]} 64. Bxc4 {[%emt 0:00:05]} Kxc4 {[%emt 0:00:05]} 65. Kc2 {[%emt 0:00:03]} Kd4 {[%emt 0:00:14]} 66. Kd2 {[%emt 0:00:05]} c4 {[%emt 0:00:05]} 67. Kc2 {[%emt 0:00:03]} c3 {[%emt 0:00:06]} 68. Kc1 {[%emt 0:00:14]} Kd3 {[%emt 0:00:11]} 69. Kd1 {[%emt 0:00:04]} c2+ {[%emt 0:00:06]} 70. Kc1 {[%emt 0:00:03]} Kc3 {[%emt 0:00:03]} 1/2-1/2

[Event "31st Klatovy A 2025"]
[Site "Klatovy CZE"]
[Date "2025.06.30"]
[Round "3.4"]
[White "Straka, Vojtech"]
[Black "Hacha, Ales"]
[Result "1-0"]
[WhiteElo "2425"]
[BlackElo "2139"]
[PlyCount "66"]
[EventDate "2025.06.28"]
[EventType "swiss"]
[EventRounds "9"]
[EventCountry "CZE"]

1. e4 {[%emt 0:00:04]} d6 {[%emt 0:05:12]} 2. d4 {[%emt 0:00:15]} c6 {[%emt 0:00:22]} 3. c4 {[%emt 0:00:34]} e5 {[%emt 0:00:19]} 4. Nf3 {[%emt 0:00:17]} Bg4 {[%emt 0:00:30]} 5. Be2 {[%emt 0:01:19]} Nd7 {[%emt 0:00:40]} 6. Nc3 {[%emt 0:01:01]} g6 {[%emt 0:04:48]} 7. O-O {[%emt 0:09:14]} Bg7 {[%emt 0:13:19]} 8. Be3 {[%emt 0:07:04]} Ne7 {[%emt 0:08:31]} 9. Qd2 {[%emt 0:05:54]} exd4 {[%emt 0:01:57]} 10. Bxd4 {[%emt 0:06:24]} Ne5 {[%emt 0:01:22]} 11. Rfd1 {[%emt 0:03:20]} O-O {[%emt 0:04:49]} 12. Nxe5 {[%emt 0:07:29]} dxe5 {[%emt 0:05:15]} 13. Bc5 {[%emt 0:00:46]} Bxe2 {[%emt 0:04:53]} 14. Nxe2 {[%emt 0:01:20]} Bf6 {[%emt 0:00:54]} 15. Qb4 {[%emt 0:03:46]} Qc7 {[%emt 0:04:05]} 16. Bd6 {[%emt 0:00:16]} c5 {[%emt 0:03:37]} 17. Qxc5 {[%emt 0:01:33]} Qxc5 {[%emt 0:00:49]} 18. Bxc5 {[%emt 0:00:02]} Rac8 {[%emt 0:00:07]} 19. Bxe7 {[%emt 0:00:39]} Bxe7 {[%emt 0:00:02]} 20. Rd7 {[%emt 0:00:24]} Bc5 {[%emt 0:02:04]} 21. Rad1 {[%emt 0:01:11]} f5 {[%emt 0:00:35]} 22. Nc3 {[%emt 0:37:42]} Bd4 {[%emt 0:14:43]} 23. Nb5 {[%emt 0:00:48]} Bxb2 {[%emt 0:04:09]} 24. R7d2 {[%emt 0:04:42]} Bd4 {[%emt 0:05:20]} 25. Nxd4 {[%emt 0:00:31]} exd4 {[%emt 0:00:10]} 26. Rxd4 {[%emt 0:00:12]} fxe4 {[%emt 0:00:49]} 27. Rxe4 {[%emt 0:00:17]} Rc5 {[%emt 0:01:16]} 28. Rd7 {[%emt 0:01:42]} b5 {[%emt 0:00:55]} 29. Ree7 {[%emt 0:00:25]} Rfc8 {[%emt 0:00:30]} 30. Rg7+ {[%emt 0:00:57]} Kf8 {[%emt 0:06:38]} 31. Rxh7 {[%emt 0:00:20]} Kg8 {[%emt 0:00:06]} 32. Rdg7+ {[%emt 0:00:14]} Kf8 {[%emt 0:00:02]} 33. Rxa7 {[%emt 0:00:15]} bxc4 {[%emt 0:00:05]} 1-0

[Event "31st Klatovy A 2025"]
[Site "Klatovy CZE"]
[Date "2025.06.30"]
[Round "3.5"]
[White "Stein, Michael 2009"]
[Black "Janous, Marek"]
[Result "0-1"]
[WhiteElo "2095"]
[BlackElo "2220"]
[PlyCount "82"]
[EventDate "2025.06.28"]
[EventType "swiss"]
[EventRounds "9"]
[EventCountry "CZE"]

1. e4 c5 {[%emt 0:02:40]} 2. Nf3 {[%emt 0:00:06]} Nc6 {[%emt 0:00:05]} 3. d4 {[%emt 0:00:04]} cxd4 {[%emt 0:00:06]} 4. Nxd4 {[%emt 0:00:04]} e5 {[%emt 0:00:08]} 5. Nb5 {[%emt 0:00:08]} d6 {[%emt 0:00:07]} 6. N1c3 {[%emt 0:00:20]} a6 {[%emt 0:00:13]} 7. Na3 {[%emt 0:00:04]} Be7 {[%emt 0:01:11]} 8. Nd5 {[%emt 0:01:37]} Nf6 {[%emt 0:00:09]} 9. Nxf6+ {[%emt 0:01:07]} Bxf6 {[%emt 0:00:09]} 10. Bc4 {[%emt 0:07:52]} O-O {[%emt 0:06:47]} 11. O-O {[%emt 0:04:33]} Ne7 {[%emt 0:09:12]} 12. Qd3 {[%emt 0:06:19]} Ng6 {[%emt 0:15:03]} 13. Be3 {[%emt 0:13:56]} Nf4 {[%emt 0:06:29]} 14. Qd2 {[%emt 0:08:15]} b5 {[%emt 0:06:59]} 15. Be2 {[%emt 0:15:21]} Bb7 {[%emt 0:05:38]} 16. Bxf4 {[%emt 0:11:04]} exf4 {[%emt 0:00:54]} 17. c3 {[%emt 0:01:05]} Bxe4 {[%emt 0:07:51]} 18. Qxf4 {[%emt 0:03:27]} Re8 {[%emt 0:01:05]} 19. Bf3 {[%emt 0:03:38]} Be5 {[%emt 0:10:03]} 20. Qe3 {[%emt 0:06:05]} Bxf3 {[%emt 0:04:32]} 21. Qxf3 {[%emt 0:00:41]} b4 {[%emt 0:00:58]} 22. cxb4 {[%emt 0:07:52]} Qh4 {[%emt 0:00:14]} 23. g3 {[%emt 0:01:41]} Qxb4 {[%emt 0:00:07]} 24. Qb3 {[%emt 0:05:47]} Qxb3 {[%emt 0:05:36]} 25. axb3 {[%emt 0:00:29]} Bxb2 {[%emt 0:01:06]} 26. Ra2 {[%emt 0:00:14]} Bc3 {[%emt 0:03:42]} 27. Nc4 {[%emt 0:06:27]} d5 {[%emt 0:00:59]} 28. Nb6 {[%emt 0:03:18]} Rad8 {[%emt 0:00:06]} 29. Rd1 {[%emt 0:00:34]} d4 {[%emt 0:00:19]} 30. Rd3 {[%emt 0:00:29]} Rb8 {[%emt 0:03:44]} 31. Rxa6 {[%emt 0:04:59]} Re6 {[%emt 0:00:48]} 32. Nd7 {[%emt 0:00:20]} Rxa6 {[%emt 0:00:37]} 33. Nxb8 {[%emt 0:00:06]} Rd6 {[%emt 0:00:18]} 34. b4 {[%emt 0:01:31]} Bxb4 {[%emt 0:00:34]} 35. Kf1 {[%emt 0:00:44]} Bc3 {[%emt 0:00:44]} 36. Ke2 {[%emt 0:01:51]} Kf8 {[%emt 0:00:15]} 37. Rd1 {[%emt 0:00:21]} Ke8 {[%emt 0:00:06]} 38. Rb1 {[%emt 0:03:05]} d3+ {[%emt 0:00:19]} 39. Kf1 {[%emt 0:04:44]} d2 {[%emt 0:00:38]} 40. Ke2 Re6+ {[%emt 0:00:12]} 41. Kf1 {[%emt 0:00:13]} Re1+ {[%emt 0:00:08]} 0-1

[Event "31st Klatovy A 2025"]
[Site "Klatovy CZE"]
[Date "2025.06.30"]
[Round "3.6"]
[White "Marsalek, Zdenek"]
[Black "Svadlenka, Dominik"]
[Result "1/2-1/2"]
[WhiteElo "2187"]
[BlackElo "2086"]
[PlyCount "84"]
[EventDate "2025.06.28"]
[EventType "swiss"]
[EventRounds "9"]
[EventCountry "CZE"]

1. d4 {[%emt 0:00:31]} d5 {[%emt 0:00:06]} 2. Nf3 {[%emt 0:00:08]} Nf6 {[%emt 0:00:04]} 3. c4 {[%emt 0:00:09]} e6 {[%emt 0:00:03]} 4. Nc3 {[%emt 0:00:31]} Be7 {[%emt 0:00:06]} 5. Bf4 {[%emt 0:00:21]} O-O {[%emt 0:00:20]} 6. e3 {[%emt 0:00:15]} c5 {[%emt 0:00:13]} 7. dxc5 {[%emt 0:01:54]} Bxc5 {[%emt 0:00:43]} 8. a3 {[%emt 0:01:07]} a6 {[%emt 0:05:18]} 9. Qc2 {[%emt 0:00:12]} dxc4 {[%emt 0:08:16]} 10. Bxc4 {[%emt 0:01:54]} Nbd7 {[%emt 0:09:46]} 11. Rd1 {[%emt 0:02:21]} b5 {[%emt 0:02:02]} 12. Be2 {[%emt 0:05:31]} Bb7 {[%emt 0:05:29]} 13. Ne5 {[%emt 0:01:27]} Qc8 {[%emt 0:00:57]} 14. Nxd7 {[%emt 0:04:28]} Nxd7 {[%emt 0:00:12]} 15. O-O {[%emt 0:00:51]} Be7 {[%emt 0:07:24]} 16. Rc1 {[%emt 0:03:38]} Nf6 {[%emt 0:11:15]} 17. Qb3 {[%emt 0:01:53]} Qc6 {[%emt 0:03:58]} 18. Bf3 {[%emt 0:01:52]} Qb6 {[%emt 0:01:49]} 19. Na4 {[%emt 0:02:24]} Qa7 {[%emt 0:16:47]} 20. Rc7 {[%emt 0:09:52]} Nd5 {[%emt 0:10:26]} 21. Bxd5 {[%emt 0:10:35]} Bxd5 {[%emt 0:00:13]} 22. Qd1 {[%emt 0:01:21]} Qb8 {[%emt 0:01:18]} 23. Nc3 {[%emt 0:00:20]} Qd8 {[%emt 0:00:47]} 24. Nxd5 {[%emt 0:04:08]} exd5 {[%emt 0:00:20]} 25. Qc2 {[%emt 0:00:29]} Rc8 {[%emt 0:04:37]} 26. Rc1 {[%emt 0:04:47]} Rxc7 {[%emt 0:00:20]} 27. Bxc7 {[%emt 0:00:18]} Qd7 {[%emt 0:01:42]} 28. Be5 {[%emt 0:00:11]} Ra8 {[%emt 0:06:52]} 29. h3 {[%emt 0:01:09]} f6 {[%emt 0:20:03]} 30. Bd4 {[%emt 0:01:23]} Rd8 {[%emt 0:02:08]} 31. Bb6 {[%emt 0:04:25]} Rb8 {[%emt 0:00:52]} 32. Ba5 {[%emt 0:03:20]} Bd8 {[%emt 0:00:26]} 33. Bxd8 {[%emt 0:01:27]} Rxd8 {[%emt 0:00:35]} 34. Qc6 {[%emt 0:00:52]} Qxc6 {[%emt 0:04:32]} 35. Rxc6 {[%emt 0:00:07]} d4 {[%emt 0:00:15]} 36. exd4 {[%emt 0:01:19]} Rxd4 {[%emt 0:00:06]} 37. b4 {[%emt 0:00:50]} a5 {[%emt 0:00:34]} 38. bxa5 {[%emt 0:02:54]} Ra4 {[%emt 0:00:09]} 39. a6 {[%emt 0:00:23]} Rxa3 {[%emt 0:00:07]} 40. Rc8+ {[%emt 0:00:54]} Kf7 {[%emt 0:00:07]} 41. Rc7+ {[%emt 0:00:06]} Kg6 {[%emt 0:00:20]} 42. a7 {[%emt 0:01:27]} b4 {[%emt 0:00:30]} 1/2-1/2

[Event "31st Klatovy A 2025"]
[Site "Klatovy CZE"]
[Date "2025.06.30"]
[Round "3.7"]
[White "Krivanek, Vladimir"]
[Black "Palek, Miroslav"]
[Result "1-0"]
[WhiteElo "2172"]
[BlackElo "2046"]
[PlyCount "89"]
[EventDate "2025.06.28"]
[EventType "swiss"]
[EventRounds "9"]
[EventCountry "CZE"]

1. e4 {[%emt 0:00:08]} c5 {[%emt 0:00:21]} 2. Nf3 {[%emt 0:00:11]} Nc6 {[%emt 0:00:40]} 3. b4 {[%emt 0:00:21]} d6 {[%emt 0:05:03]} 4. b5 {[%emt 0:02:02]} Nb8 {[%emt 0:03:59]} 5. d4 {[%emt 0:02:53]} Nd7 {[%emt 0:01:41]} 6. c3 {[%emt 0:02:01]} g6 {[%emt 0:02:22]} 7. h4 {[%emt 0:01:53]} h5 {[%emt 0:01:31]} 8. Bd3 {[%emt 0:03:38]} Bg7 {[%emt 0:01:06]} 9. O-O {[%emt 0:00:59]} Nh6 {[%emt 0:06:31]} 10. Re1 {[%emt 0:05:05]} Ng4 {[%emt 0:00:38]} 11. Bb2 {[%emt 0:01:32]} O-O {[%emt 0:01:59]} 12. Nbd2 {[%emt 0:00:42]} e5 {[%emt 0:10:15]} 13. Nc4 {[%emt 0:04:23]} Qe7 {[%emt 0:03:40]} 14. g3 {[%emt 0:03:11]} b6 {[%emt 0:03:46]} 15. a4 {[%emt 0:01:46]} a6 {[%emt 0:00:18]} 16. dxc5 {[%emt 0:03:34]} dxc5 {[%emt 0:02:17]} 17. Bf1 {[%emt 0:01:29]} axb5 {[%emt 0:05:10]} 18. axb5 {[%emt 0:07:55]} Rxa1 {[%emt 0:00:28]} 19. Qxa1 {[%emt 0:00:29]} f5 {[%emt 0:04:11]} 20. Ng5 {[%emt 0:02:23]} fxe4 {[%emt 0:06:50]} 21. Nxe4 {[%emt 0:03:24]} Ndf6 {[%emt 0:00:52]} 22. Ng5 {[%emt 0:12:38]} Nh7 {[%emt 0:09:16]} 23. Ne4 {[%emt 0:17:25]} g5 {[%emt 0:03:38]} 24. Nxb6 {[%emt 0:01:29]} Be6 {[%emt 0:00:44]} 25. Ba3 {[%emt 0:02:18]} gxh4 {[%emt 0:05:22]} 26. Bxc5 {[%emt 0:01:38]} Qf7 {[%emt 0:04:56]} 27. Bg2 {[%emt 0:12:50]} hxg3 {[%emt 0:04:08]} 28. fxg3 {[%emt 0:00:17]} h4 {[%emt 0:02:50]} 29. c4 {[%emt 0:03:05]} Qh5 {[%emt 0:01:39]} 30. Qc3 {[%emt 0:01:57]} h3 {[%emt 0:03:00]} 31. Bf3 {[%emt 0:00:34]} h2+ {[%emt 0:04:46]} 32. Kh1 {[%emt 0:02:35]} Nf2+ {[%emt 0:01:24]} 33. Bxf2 {[%emt 0:01:18]} Rxf3 {[%emt 0:00:16]} 34. Qd2 {[%emt 0:00:52]} Bg4 {[%emt 0:02:42]} 35. Qd8+ {[%emt 0:01:10]} Rf8 {[%emt 0:08:06]} 36. Qh4 {[%emt 0:00:39]} Qf5 {[%emt 0:00:43]} 37. Nd5 {[%emt 0:00:49]} Rf7 {[%emt 0:04:08]} 38. Kxh2 {[%emt 0:06:18]} Nf6 {[%emt 0:06:46]} 39. Nexf6+ {[%emt 0:03:10]} Bxf6 {[%emt 0:00:17]} 40. Qxf6 {[%emt 0:00:22]} Qh5+ {[%emt 0:04:13]} 41. Kg1 {[%emt 0:00:38]} Bf3 {[%emt 0:01:03]} 42. Qh4 {[%emt 0:00:23]} Qf5 {[%emt 0:02:43]} 43. Ne7+ {[%emt 0:04:26]} Rxe7 {[%emt 0:00:08]} 44. Qxe7 {[%emt 0:00:02]} Qh3 {[%emt 0:01:38]} 45. Qe8+ {[%emt 0:00:07]} 1-0

[Event "31st Klatovy A 2025"]
[Site "Klatovy CZE"]
[Date "2025.06.30"]
[Round "3.8"]
[White "Andrle, Filip"]
[Black "Simet, Martin"]
[Result "0-1"]
[WhiteElo "2019"]
[BlackElo "2151"]
[PlyCount "96"]
[EventDate "2025.06.28"]
[EventType "swiss"]
[EventRounds "9"]
[EventCountry "CZE"]

1. e4 {[%emt 0:00:03]} Nf6 {[%emt 0:00:05]} 2. e5 {[%emt 0:00:57]} Ng8 {[%emt 0:00:34]} 3. d4 {[%emt 0:00:51]} d6 {[%emt 0:00:05]} 4. exd6 {[%emt 0:02:26]} exd6 {[%emt 0:00:05]} 5. Nf3 {[%emt 0:02:10]} Nf6 {[%emt 0:00:54]} 6. Bg5 {[%emt 0:03:42]} Be7 {[%emt 0:00:18]} 7. Bd3 {[%emt 0:00:41]} c6 {[%emt 0:08:45]} 8. Nbd2 {[%emt 0:04:29]} Nd5 {[%emt 0:23:06]} 9. Qe2 {[%emt 0:08:28]} h6 {[%emt 0:06:48]} 10. Bxe7 {[%emt 0:00:38]} Qxe7 {[%emt 0:00:07]} 11. O-O {[%emt 0:06:09]} Qxe2 {[%emt 0:01:17]} 12. Bxe2 {[%emt 0:00:06]} Bf5 {[%emt 0:00:10]} 13. Rfe1 {[%emt 0:00:36]} Kd7 {[%emt 0:06:59]} 14. c3 {[%emt 0:01:01]} Na6 {[%emt 0:18:49]} 15. Nh4 {[%emt 0:09:54]} Be6 {[%emt 0:02:42]} 16. Bd3 {[%emt 0:05:49]} Nac7 {[%emt 0:07:25]} 17. g3 {[%emt 0:02:44]} Rag8 {[%emt 0:03:02]} 18. Nf5 {[%emt 0:09:31]} h5 {[%emt 0:11:32]} 19. Nc4 {[%emt 0:03:58]} Ne8 {[%emt 0:00:58]} 20. Nce3 {[%emt 0:03:16]} Nef6 {[%emt 0:03:56]} 21. Nxd5 {[%emt 0:02:23]} Nxd5 {[%emt 0:00:43]} 22. Ne3 {[%emt 0:04:49]} Nxe3 {[%emt 0:04:51]} 23. Rxe3 {[%emt 0:00:15]} h4 {[%emt 0:00:07]} 24. Rae1 {[%emt 0:02:07]} Rh6 {[%emt 0:01:46]} 25. f4 {[%emt 0:02:21]} hxg3 {[%emt 0:02:47]} 26. hxg3 {[%emt 0:00:15]} Rgh8 {[%emt 0:01:07]} 27. Be4 {[%emt 0:02:23]} g6 {[%emt 0:07:49]} 28. Bg2 {[%emt 0:04:25]} Kd8 {[%emt 0:05:47]} 29. b3 {[%emt 0:04:00]} Bd5 {[%emt 0:04:11]} 30. Bxd5 {[%emt 0:08:23]} cxd5 31. R3e2 Rh1+ 32. Kg2 R8h2+ 33. Kf3 Rxe1 34. Rxh2 Rc1 35. Rh8+ Ke7 36. Rb8 Rxc3+ 37. Kg4 Rc7 38. Kg5 Ke6 39. g4 Ke7 40. f5 gxf5 41. gxf5 a6 {[%emt 0:31:06]} 42. a4 {[%emt 0:00:42]} a5 {[%emt 0:00:07]} 43. f6+ {[%emt 0:02:04]} Ke6 {[%emt 0:00:23]} 44. Re8+ {[%emt 0:00:59]} Kd7 {[%emt 0:00:05]} 45. Re7+ {[%emt 0:00:49]} Kd8 {[%emt 0:00:01]} 46. Rxc7 {[%emt 0:00:31]} Kxc7 {[%emt 0:00:06]} 47. Kh6 {[%emt 0:00:08]} Kd7 {[%emt 0:00:04]} 48. Kh7 {[%emt 0:01:16]} Ke6 {[%emt 0:00:09]} 0-1

[Event "31st Klatovy A 2025"]
[Site "Klatovy CZE"]
[Date "2025.06.30"]
[Round "3.9"]
[White "Pirklova, Hana"]
[Black "Pecka, Jan"]
[Result "1/2-1/2"]
[WhiteElo "2048"]
[BlackElo "2140"]
[PlyCount "78"]
[EventDate "2025.06.28"]
[EventType "swiss"]
[EventRounds "9"]
[EventCountry "CZE"]

1. e4 Nc6 {[%emt 0:00:24]} 2. d4 {[%emt 0:01:10]} d5 {[%emt 0:00:31]} 3. e5 {[%emt 0:02:44]} Bf5 {[%emt 0:01:20]} 4. Nf3 {[%emt 0:12:12]} e6 {[%emt 0:07:06]} 5. Bd3 {[%emt 0:02:55]} Nge7 {[%emt 0:01:39]} 6. c3 {[%emt 0:02:50]} Qd7 {[%emt 0:00:42]} 7. O-O {[%emt 0:02:45]} f6 {[%emt 0:02:39]} 8. Re1 {[%emt 0:05:53]} fxe5 {[%emt 0:16:49]} 9. dxe5 {[%emt 0:07:26]} Bxd3 {[%emt 0:24:39]} 10. Qxd3 {[%emt 0:00:21]} Nf5 {[%emt 0:08:22]} 11. b4 {[%emt 0:13:09]} Be7 {[%emt 0:08:06]} 12. Nbd2 {[%emt 0:08:16]} Nh4 {[%emt 0:19:33]} 13. Nxh4 {[%emt 0:09:18]} Bxh4 {[%emt 0:00:07]} 14. Qh3 {[%emt 0:00:29]} Be7 {[%emt 0:04:26]} 15. Nf3 {[%emt 0:00:14]} O-O {[%emt 0:03:35]} 16. Qg4 {[%emt 0:09:20]} Rf7 {[%emt 0:02:52]} 17. b5 {[%emt 0:03:53]} Na5 {[%emt 0:01:09]} 18. Be3 {[%emt 0:05:46]} Nc4 {[%emt 0:01:39]} 19. Nd4 {[%emt 0:01:41]} Nxe5 {[%emt 0:02:52]} 20. Qxe6 {[%emt 0:02:34]} Qxe6 {[%emt 0:02:21]} 21. Nxe6 {[%emt 0:00:07]} Bf6 {[%emt 0:01:02]} 22. Bd4 {[%emt 0:04:37]} Nd3 {[%emt 0:00:39]} 23. Re2 {[%emt 0:09:37]} Re8 {[%emt 0:00:24]} 24. Rd1 {[%emt 0:05:04]} Bxd4 {[%emt 0:08:05]} 25. Nxd4 {[%emt 0:00:06]} Rxe2 {[%emt 0:02:15]} 26. Nxe2 {[%emt 0:00:04]} Nxf2 {[%emt 0:03:13]} 27. Rxd5 {[%emt 0:00:10]} Ne4 {[%emt 0:00:34]} 28. Rd8+ {[%emt 0:00:53]} Rf8 {[%emt 0:00:09]} 29. Rd7 {[%emt 0:00:15]} Rc8 {[%emt 0:00:28]} 30. Re7 {[%emt 0:02:13]} Nf6 {[%emt 0:01:54]} 31. Nf4 {[%emt 0:01:19]} Kf8 {[%emt 0:00:12]} 32. Re5 {[%emt 0:06:40]} Kf7 {[%emt 0:00:55]} 33. Nd5 {[%emt 0:01:15]} Nxd5 {[%emt 0:00:58]} 34. Rxd5 {[%emt 0:00:05]} Ke6 {[%emt 0:00:11]} 35. Rg5 {[%emt 0:00:41]} g6 {[%emt 0:00:42]} 36. Kf2 {[%emt 0:00:13]} c6 {[%emt 0:00:37]} 37. a4 {[%emt 0:01:10]} cxb5 {[%emt 0:00:35]} 38. Rxb5 {[%emt 0:00:06]} b6 {[%emt 0:00:12]} 39. a5 {[%emt 0:00:06]} Rxc3 {[%emt 0:00:38]} 1/2-1/2